| 000 | 00842nam a2200217 a 4500 | ||
|---|---|---|---|
| 001 | BRCA_8375 | ||
| 005 | 20190320210244.0 | ||
| 008 | 210814s2014----mx-a######---#000-0#spa-# | ||
| 041 | _aspa | ||
| 050 | 4 | _bF56 2014 | |
| 100 | 1 |
_aFlores Enríquez, Alejandra Mayela _920986 |
|
| 245 | 1 | 0 |
_aJardines místicos carmelitanos y su representación en la pintura del siglo XVIII _balegorías de la perfección monjil. |
| 260 |
_aCiudad de México _c2014 |
||
| 300 |
_a133 p. _bil. (algunas a color) _c24 cm. |
||
| 502 | _aTesis Maestría (Maestra en Historia del Arte) UNAM, Posgrado en Historia del Arte, Facultad de Filosofía y Letras, Instituto de Investigaciones Estéticas | ||
| 650 | 1 | 4 |
_aJardines místicos _920987 |
| 650 | 1 | 4 |
_aPintura _ySiglo XVIII _920988 |
| 700 | 1 |
_aCuadriello, Jaime _eTutor _94695 |
|
| 902 | _aTES | ||
| 942 |
_2lcc _cTES |
||
| 999 |
_c8043 _d8043 |
||